000 00449nam a2200181Ia 4500
999 _c39074
_d39074
003 0100
005 20170608144436.0
008 130303s9999 xx 000 0 und d
040 _cARRUPELIB
050 _aDT14.T8 1966
100 _aTurnbull, Colin M
_930630
245 _aTradition and change in African tribal life
260 _bThe World
_aCleveland
_c1966
300 _a271 p.
300 _b 26 cm
650 _aAfrica
_xSocial life and customs
_xJuveile literature
_932384
942 _2lcc
_cMONOGRAPH